Central Library OPAC University of Rajshahi

More talking of Shakespeare / (Record no. 21005)

MARC details
000 -LEADER
fixed length control field 00767cam a22002531 4500
001 - CONTROL NUMBER
control field 21005
003 - CONTROL NUMBER IDENTIFIER
rucl marc code BD-RjUL
005 - DATE AND TIME OF LATEST TRANSACTION
control field 20211209000634.0
008 - FIXED-LENGTH DATA ELEMENTS--GENERAL INFORMATION
fixed length control field 140303r19601959nyu 001 0 eng
035 ## - SYSTEM CONTROL NUMBER
System control number (BD-RjUL)21067
System control number (OCoLC)352867
040 ## - CATALOGING SOURCE
Original cataloging agency DLC
Transcribing agency ODaWU
Modifying agency OCoLC
-- OCanS
-- NGvP
-- DLC
-- BD-RjUL
Language of cataloging eng
041 ## - LANGUAGE CODE
Language code of text/sound track or separate title eng
082 00 - DEWEY DECIMAL CLASSIFICATION NUMBER
Classification number 822.33
Author mark and year MOR 1960
100 1# - MAIN ENTRY--PERSONAL NAME
Personal name Garrett, John,
Dates associated with a name 1902-
9 (RLIN) 64915
245 10 - TITLE STATEMENT
Title More talking of Shakespeare /
Statement of responsibility, etc. Edited by John Garrett.
260 ## - PUBLICATION, DISTRIBUTION, ETC. (IMPRINT)
Place of publication, distribution, etc. London :
Name of publisher, distributor, etc. Longmans,
Date of publication, distribution, etc. 1959 [Reprinted 1960].
300 ## - PHYSICAL DESCRIPTION
Pagination ix, 190 p. ;
Size 23 cm.
504 ## - BIBLIOGRAPHY, ETC. NOTE
Bibliography, etc Includes index.
600 10 - SUBJECT ADDED ENTRY--PERSONAL NAME
Personal name Shakespeare, William,
Dates associated with a name 1564-1616
General subdivision Criticism and interpretation.
942 ## - ADDED ENTRY ELEMENTS (KOHA)
Source of classification or shelving scheme Dewey Decimal Classification
Koha item type Books
Holdings
Lost status Source of classification or shelving scheme Damaged status Not for loan Collection code Permanent Location Current Location Shelving location Date acquired Source of acquisition Cost, normal purchase price Total Checkouts Full call number Date last seen Copy number Koha item type
  Dewey Decimal Classification   Added to bundle Fiction Central Library, University of Rajshahi Central Library, University of Rajshahi Reading Room 17/05/1967 University Book Agency. 15.75   822.33 MOR 1960 03/03/2014 C-1 Books